MARC details
| 000 -CABECERA |
| campo de control de longitud fija |
01992nam a2200265 a 4500 |
| 003 - IDENTIFICADOR DEL NÚMERO DE CONTROL |
| campo de control |
DO-SdBNP |
| 005 - FECHA Y HORA DE LA ÚLTIMA TRANSACCIÓN |
| campo de control |
20240226130804.0 |
| 008 - DATOS DE LONGITUD FIJA--INFORMACIÓN GENERAL |
| campo de control de longitud fija |
220513e2016 dr ao||er|||| 001 edspa d |
| 020 ## - NÚMERO INTERNACIONAL ESTÁNDAR DEL LIBRO |
| Número Internacional Estándar del Libro |
9789945588729 |
| 040 ## - FUENTE DE LA CATALOGACIÓN |
| Centro catalogador/agencia de origen |
DO-SdBNP |
| Lengua de catalogación |
spa |
| Centro/agencia transcriptor |
BNPHU |
| 082 #4 - NÚMERO DE LA CLASIFICACIÓN DECIMAL DEWEY |
| Número de edición |
22 |
| Número de documento/Ítem |
V635t |
| 100 1# - ENTRADA PRINCIPAL--NOMBRE DE PERSONA |
| Nombre de persona |
Vicioso, Sherezada, |
| Fechas asociadas al nombre |
1948- |
| 9 (RLIN) |
19504 |
| 245 13 - MENCIÓN DE TÍTULO |
| Título |
El teatro según Chiqui Vicioso : |
| Resto del título |
(antología). / |
| Mención de responsabilidad, etc. |
Chiqui Vicioso |
| 260 ## - PUBLICACIÓN, DISTRIBUCIÓN, ETC. |
| Lugar de publicación, distribución, etc. |
Santo Domingo : |
| Nombre del editor, distribuidor, etc. |
Dirección General de la Feria del Libro, |
| Fecha de publicación, distribución, etc. |
2016 |
| 300 ## - DESCRIPCIÓN FÍSICA |
| Extensión |
273 p. : |
| Otras características físicas |
il. fotogr. ; |
| Dimensiones |
23 cm. |
| 500 ## - NOTA GENERAL |
| Nota general |
Incluye datos biográficos del autor en las solapas de las cubiertas. |
| 505 ## - NOTA DE CONTENIDO CON FORMATO |
| Nota de contenido con formato |
Presentación. |
| Información miscelánea |
Obras: |
| Título |
El teatro dominicano : una visión femenina o de género -- |
| -- |
Trago amargo, Wish-ky sour.-- |
| -- |
Perrerías.-- |
| -- |
Nuyor islas.-- |
| -- |
Salomé U : cartas a una ausencia.-- |
| -- |
Magdalena.-- |
| -- |
Obra.-- |
| -- |
La carrera.-- |
| -- |
Andrea Evangelina Rodríguez -- |
| Información miscelánea |
Ensayos críticos sobre teatro. |
| Título |
Camila Henríquez Ureña, la hermana menor de Shakespeare.-- |
| -- |
Por el Edén de doña Carmen -- |
| Información miscelánea |
Críticas teatrales. |
| Título |
Testimonio, espiritualidad y resistencia en el teatro de Chiqui Vicioso / |
| Mención de responsabilidad |
Vivian Martínez Tabares ; |
| Título |
Entre el amor y la ausencia : Salomé Ureña a través de Chiqui Vicioso /<br/> |
| Mención de responsabilidad |
Beatriz J. Rizk.-- |
| Título |
La subversión de las reglas del juego en el discurso femenino/feminista : Trago amargo/Wish-ky sour (1997), de Chiqui Vicioso.-- |
| -- |
La dramaturgia de la inmigración : Nuyor/Islas de Chiqui Vicioso.-- |
| -- |
Una visita de Chiqui Vicioso a Andrea Evangelina / |
| Mención de responsabilidad |
Nancy Morejón.-- |
| Título |
En Casa de las Américas : la dominicanidad en el teatro de Chiqui Vicioso / |
| Mención de responsabilidad |
Yolanda Ricardo.-- |
| Título |
Autoras de los ensayos críticos. |
| 590 ## - NOTA LOCAL (RLIN) |
| Nota local |
Inventariado 2022 / MF |
| 600 10 - PUNTO DE ACCESO ADICIONAL DE MATERIA--NOMBRE DE PERSONA |
| Nombre de persona |
Vicioso, Sherezada, |
| Fechas asociadas al nombre |
1948- |
| 9 (RLIN) |
19504 |
| 650 #4 - PUNTO DE ACCESO ADICIONAL DE MATERIA--TÉRMINO DE MATERIA |
| 9 (RLIN) |
7662 |
| Término de materia o nombre geográfico como elemento de entrada |
Crítica e Interpretación |
| Subdivisión general |
República Dominicana |
| 650 #4 - PUNTO DE ACCESO ADICIONAL DE MATERIA--TÉRMINO DE MATERIA |
| Término de materia o nombre geográfico como elemento de entrada |
Vicioso, Sherezada, -- 1948- -- |
| Subdivisión general |
Saber-- Teatro |
| 9 (RLIN) |
81608 |
| 650 #4 - PUNTO DE ACCESO ADICIONAL DE MATERIA--TÉRMINO DE MATERIA |
| 9 (RLIN) |
24515 |
| Término de materia o nombre geográfico como elemento de entrada |
Teatro |
| Subdivisión general |
Historia y Crítica |
| Subdivisión geográfica |
República Dominicana |
| 910 ## - DATOS DE OPCIÓN DEL USUARIO (OCLC) |
| Datos de opción del usuario |
MFeliz |
| 942 ## - ELEMENTOS DE PUNTO DE ACCESO ADICIONAL (KOHA) |
| Fuente del sistema de clasificación o colocación |
Dewey Decimal Classification |
| Tipo de ítem Koha |
Libro |